| 000 | 00449nam a2200169Ia 4500 | ||
|---|---|---|---|
| 008 | 180921t2016 xxu||||| |||| 00| 0 sin d | ||
| 041 | _asin | ||
| 080 |
_a294.3 _bMIT |
||
| 100 | _aMithabhani himi,Polgahawela | ||
| 245 | _aදැහැන් ගත සිත | ||
| 246 | _aDahan Gatha Sitha | ||
| 260 |
_bSahitha Poth Piyasa _aMaharagama _c2016 |
||
| 300 | _b74p, 22cm | ||
| 942 | _cBK | ||
| 999 |
_c3641 _d3641 |
||
| 003 | LK-CoDNM | ||
| 040 |
_aLK-CoDNM _dLK-CoDNM _eLK-CoDNM |
||